| 000 | 00395nab a2200133Ia 4500 | ||
|---|---|---|---|
| 003 | ES-SlBCS | ||
| 005 | 20210601125248.0 | ||
| 008 | 140529s1985 xxu||||| |||| 00| 0 eng d | ||
| 041 | _aeng | ||
| 100 | 1 |
_aGoodin, Robert E. _9132581 |
|
| 245 | 0 | 4 |
_aThe Priority of Needs _c Robert E. Goodin |
| 773 | 0 |
_tPhilosophy and Phenomenological Research _gvol. 45, 1985, págs. 615-626 _wRev1411 |
|
| 942 | _cAR | ||
| 999 |
_c527449 _d527449 |
||